000
00325nam a2200145Ia 4500
008
230718s9999 xx 000 0 und d
041
_a
Eng.
082
_a
301
_b
MYN-S
100
_a
Myneni, Dr. S.R
245
0
_a
Socialogy
260
_a
Pakistan
_b
Allahbad law agency
_c
2016
300
_a
656
650
_a
Law
999
_c
31343
_d
31343